00948nam a2200265 i 450000100060000000300090000600500170001500700030003200800410003502000180007608000320009408000320012608000320015810000300019024500800022026000440030030000300034450000350037460000450040965500480045485200330050294200080053599900170054395201220056077649ES-MaACL20230906173324.0t|041028s2000 sp ||||1| spa d a84-8026-147-1 a73 Tàpies, Antoni (064.3) a74 Tàpies, Antoni (064.3) a75 Tàpies, Antoni (064.3)1 aTàpies, Antoni.910925210aTàpies b: Museo Nacional Centro de Arte Reina Sofía, 7 marzo - 8 mayo. a[Madrid] : bCARS : bAldeasa, c[2000] a348 p. : bil. ; c32 cm. aTexto en español e inglés.14aTàpies, Antoni-vExposiciones.9109253 72tgfbne9193628aCatálogos de exposiciones aES-MaACLjL-28372 bR.134402 2udc c77649d77649 00104070aATENEOMbATENEOMcDEPO2d2008-01-17eSCl0oL-28372p1081239r2023-02-23 00:00:00w2023-02-23yMONOGRAFIA